000 02695nam0a2200361 4500
001 RU\NLR\BIBL_A\021968345
005 20230705141706.0
010 _a978-5-6048483-9-5
_930
021 _aRU
_bКН-П-23-033635
_9КН-П-23-3340
035 _a(NLR Aleph) 021968345
035 _a(RuMoRGB)011806807
090 _a12350319
_c12350319
100 _a20230623d2022 u y0rusy50 ca
101 0 _arus
102 _aRU
105 _ac z 000gy
181 0 _ai3
_baxxe
182 0 _an
200 1 _aПослание
_eсборник стихов
_fГалина Анциферова
203 _aТекст
_bвизуальный
_cнепосредственный
210 _aЧереповец
_cОкраина
_d2022
215 _a96, [3] с.
_cцв. портр.
_d20
327 1 _aСодерж.: циклы: Мир против войны; Мы живём в России; Победим пандемию; Поэт и гражданин; Любовь над временем не властна
330 _aГалина Анциферова живёт в г. Череповец. Серьёзно занялась литературой в 2008 году. Член ЧГОО "Череповецкое литературное объединение". Печаталась в журналах, в коллективных сборниках "Перрон" (Нижний Новгород), "Шёпот страниц" (Белгород) и др. В мае 2019 года вступила в Интернациональный союз писателей. Участвовала в Московской питературной премии за 2019 год - диплом финалиста, в Международной премии Мира за 2020 год - диплом финалиста, в Пондонской литературной премии - лауреат в категории "Профессионалы" - III степень - "Кавалер", 2020 г. Участвовала в Российской питературной премии за 2020 год. Номинант "Лучший поэт года". Цикл стихов "С нами Бог и Россия". Награждена орденом Святой Анны. С 2022 года член-корреспондент Международной академии наук и искусств
333 _a12+
675 _a821.161.1-1
_v4
686 2 _aШ6(2=Р)8-5
700 1 _aАнциферова
_bГ. К.
_gГалина Константиновна
942 _cBOOK
980 _aNB